000 00297nam a22001217a 4500
020 _a1886411298
082 _222
_a005.71376
100 _aCharalabidis, Alex.
245 _aThe Book of IRC /
260 _aCalifornia,
_bNostarch Press,
_cc2000.
300 _a347p. ;
_bill. ;
_c23 cm.
942 _2ddc
_cIT
999 _c2231
_d2231